Celebracin̤ y ejecucin̤ de contratos estatales

Detalles Bibliográficos
Autor principal: Campillo Parra, Carlos Enrique
Formato: Desconocido
Lenguaje:español
Publicado: Bogot ̀: ECOE, 2006
Materias:
Acceso en línea:Acceso restringido

MARC

LEADER 00000ny a22000003n 4500
005 20110523125339.0
008 090129s2006 ck s 000 0 spa d
020 |a 9586484432 
035 |a 2489 
040 |a UMA.RE  |d vLex 
080 |a 351.712(861)(0.034) 
090 |c 151  |d 151 
100 1 |a Campillo Parra, Carlos Enrique 
245 1 0 |a Celebracin̤ y ejecucin̤ de contratos estatales  |h [Recurso electrn̤ico]  |c Carlos Enrique Campillo Parra 
256 |a Servicio en ln̕ea 
260 |a Bogot ̀:  |b ECOE,   |c 2006 
506 1 |a Contenido solo disponible en los productos indicados  |d vLex Global  |d vLex Global (Academic Edition, excluding Law Schools)  |d vLex Global (U.S. Academic Edition, Law Schools)  |d vLex Global (U.S. Academic Edition, excluding Law Schools)  |d vLex Global (Academic Edition, Law Schools) 
650 0 4 |a Contratos administrativos  |z Colombia  
740 0 |a vLex Libros (Servicios en ln̕ea) 
856 4 0 |u http://vlex.com/source/2489  |z Acceso restringido 
942 |c BOOK 
999 0 |a Public contracts  |b Colombia